000 00913nam a2200229Ii 4500
003 JO-AjNU
008 230605s9999||||xx |||||||||||||| ||und||
017 _a2021/4/2495
020 _a978-9957-91-844-6
040 _aJO-AjNU
_bara
_erda
_cJO-AjNU
041 _aara
050 1 4 _aBP173.75.2022
100 3 _aالعساف، خالد توفيق وآخرون، م.مشارك مصطفى سعيد الشيخ، م.مشارك محمود ابراهيم التايه,
_eauthor
_962913
245 0 0 _aمقدمة في التسويق الاسلامي = INTRODUCTION TO ISLAMIC MARKETING
250 _aط1
264 3 1 _aعمان: دار وائل للنشر والتوزيع، 2022
300 _a280ص
336 _atext
_btxt
_2rdacontent
337 _aunmediated
_bn
_2rdamedia
338 _avolume
_bnc
_2rdacarrier
650 4 _aالتسويق الاسلامي-النظام الاقتصادي الاسلامي
_962914
999 _aA28511
_c32079
_d32079